| 000 | 00533nam a2200181Ia 4500 | ||
|---|---|---|---|
| 005 | 20250326125336.0 | ||
| 008 | 250326s9999 xx 000 0 und d | ||
| 037 | _aTextbook | ||
| 040 |
_aFMSL _beng _cFMSL |
||
| 041 |
_aeng _2eng |
||
| 084 |
_aX8(A):979c K7 _qFMSL |
||
| 100 |
_aPatel V B _9682887 |
||
| 245 | 0 |
_aCommentary on the industrial disputes act, 1947 _cPatel V B; Patel B M |
|
| 260 |
_aBombay _bBombay, N M Tripathi _c1967 |
||
| 300 | _a650p | ||
| 942 |
_cTB _hX8(A):979c K7 |
||
| 999 |
_c1277614 _d1277614 |
||